POWER - Kanye West (Full lyrics) - Statistics

General Stats
  • This quiz has been taken 42 times
  • The average score is 362 of 516
Answer Stats
Lyrics % Correct
a
100%
I
100%
Mmm,
100%
on
100%
power
100%
all
97%
Do
97%
do
97%
have
97%
Huh?
97%
huh?
97%
I'm
97%
in
97%
In
97%
it
97%
No
97%
no
97%
the
97%
The
97%
be
94%
man
94%
me
94%
one
94%
that
94%
that,
94%
to
94%
an
91%
doing
91%
doing?
91%
ever
91%
go
91%
go?
91%
should
91%
So
91%
so
91%
then,
91%
21st
88%
century,
88%
clock’s
88%
clock's
88%
count
88%
every
88%
got
88%
Got
88%
hours
88%
just
88%
need
88%
ring
88%
see
88%
some
88%
something
88%
anybody
85%
better
85%
mean
85%
of
85%
you
85%
You
85%
his
82%
living
82%
music
82%
nice
82%
off
82%
seen
82%
superhero
82%
than
82%
them
82%
this
82%
This
82%
ticking,
82%
who
82%
from
79%
guess
79%
haters
79%
theme
79%
is
76%
Is
76%
trip,
76%
We
76%
we
76%
and
73%
And
73%
tripping,
73%
tripping
73%
way
73%
With
73%
with
73%
with?
73%
world,
73%
fuck
70%
Fuck
70%
my
70%
My
70%
Stop
70%
at
67%
At
67%
He
67%
I'll
67%
Screams
67%
too
67%
As
64%
bad
64%
chosen
64%
cruel
64%
goodnight,
64%
moment
64%
now
64%
Now
64%
ones
64%
ain't
61%
let
61%
light-
61%
nation
61%
open
61%
say,
61%
say
61%
they
61%
They
61%
was
61%
whole
61%
world's
61%
world’s
61%
fuckin'
58%
More
58%
morning
58%
motherfucker,
58%
Motherfucker,
58%
Obama's
58%
out
58%
rolling
58%
that's
58%
white
58%
Ye
58%
abomination
55%
ass
55%
asshole
55%
asshole?
55%
beautiful
55%
bitch,
55%
can
55%
closed,
55%
death
55%
girls
55%
jumping
55%
Jumping
55%
know
55%
letting
55%
Letting
55%
lose,
55%
much,
55%
niggas
55%
niggas'
55%
nothing
55%
ours
55%
own
55%
school's
55%
shit
55%
skinned
55%
Well,
55%
well
55%
Where
55%
window,
55%
your
55%
bitches,
52%
day,
52%
don't
52%
drinkin'
52%
drivin'
52%
earlier,
52%
everything
52%
excitin'
52%
hidin'?
52%
home
52%
make
52%
prison's
52%
said
52%
start
52%
survivin'
52%
end
48%
pretty
48%
thoughts
48%
will
48%
Austin
45%
broken,
45%
dick
45%
feeling
45%
gifted
45%
he's
45%
How
45%
killing
45%
kiss
45%
life
45%
specifically,
45%
'Til
45%
by
42%
conversation
42%
damn
42%
egotistic
42%
goin'
42%
jokes
42%
knows
42%
Lost
42%
Powers
42%
pussy,
42%
system
42%
up
42%
y'all
42%
alone
39%
for
39%
Napoleon
39%
needed
39%
time
39%
translation
39%
but
36%
cast
36%
catching
36%
mind,
36%
Tell
36%
child,
33%
down
33%
goddamnit,
33%
gotta
33%
Mongolian,
33%
Reality
33%
SNL
33%
these
33%
Yeezy
33%
couldn't
30%
creativity,
30%
custody
30%
fighting
30%
inner
30%
Kelly
30%
powder
30%
Rowlands
30%
treasures
30%
characteristic
27%
crowded
27%
diamond-
27%
embody
27%
grown
27%
honestly
27%
honesty
27%
look
27%
short-
27%
Taking
27%
vault
27%
brought
24%
encrusted
24%
entrusted
24%
furs
24%
ice
24%
minded
24%
piece
24%
purity,
24%
responsibilities
24%
Thinking
24%
being
21%
childlike
21%
goalies
18%
Colin
15%
Powells,
15%
No matching quizzes found
Score Distribution
Percent of People with Each Score
Percentile by Number Answered
Your Score History
You have not taken this quiz